[Event "ChessKid Cup Div 2 W"]
[Site "chess.com INT"]
[Date "2023.05.22"]
[Round "1.1"]
[White "Andreikin, Dmitry"]
[Black "Nguyen, Ngoc Truong Son"]
[Result "1/2-1/2"]
[WhiteTitle "GM"]
[BlackTitle "GM"]
[WhiteElo "2729"]
[BlackElo "2645"]
[WhiteFideId "4158814"]
[BlackFideId "12401110"]
[EventDate "2023.05.22"]
[EventType "k.o."]

1. d4 Nf6 2. c4 e6 3. g3 d5 4. Bg2 Bb4+ 5. Nd2 O-O 6. Nf3 b6 7. O-O Bb7 8. Ne5
Nbd7 9. Qa4 Bxd2 10. Bxd2 Nxe5 11. dxe5 Nd7 12. cxd5 Bxd5 13. Bxd5 exd5 14. Bc3
Re8 15. Qf4 Qe7 16. Rad1 c6 17. e4 d4 18. Rxd4 Nxe5 19. Rfd1 c5 20. Ra4 Ng6 21.
Qf5 Rad8 22. Rxd8 Rxd8 23. h4 Nf8 24. Qg5 f6 25. Qg4 Qd7 26. Qxd7 Rxd7 27. f4
Ne6 28. f5 Nd8 29. e5 fxe5 30. Bxe5 Nc6 31. Bc3 h5 32. g4 b5 33. Ra6 Nd4 34.
gxh5 Nxf5 35. a3 Nxh4 36. Rc6 c4 37. Rc5 a6 38. Rc6 Nf3+ 39. Kf2 Ng5 40. Ke3 Ra7
41. Rg6 Re7+ 42. Kf4 Ne6+ 43. Kf5 Nc5 44. h6 Rf7+ 45. Kg4 Ne4 46. Bxg7 a5 47.
Rb6 b4 48. axb4 axb4 49. Rxb4 Rc7 50. Kf5 Ng3+ 51. Ke6 Kh7 52. Kd6 Rc8 53. Kd7
Rc5 54. Kd6 Rc8 55. Kd5 Nf5 56. Be5 Kxh6 57. Rb6+ Kg5 58. Rb7 Kg4 59. Rf7 Rd8+
60. Ke4 Ng3+ 61. Bxg3 Kxg3 62. Rf3+ Kg4 63. Rc3 Rd2 64. Rxc4 Rxb2 65. Ke3+ Kf5
66. Kd3 Ke5 67. Rc5+ 1/2-1/2

[Event "ChessKid Cup Div 2 W"]
[Site "chess.com INT"]
[Date "2023.05.22"]
[Round "1.2"]
[White "Nguyen, Ngoc Truong Son"]
[Black "Andreikin, Dmitry"]
[Result "1/2-1/2"]
[WhiteTitle "GM"]
[BlackTitle "GM"]
[WhiteElo "2645"]
[BlackElo "2729"]
[WhiteFideId "12401110"]
[BlackFideId "4158814"]
[EventDate "2023.05.22"]
[EventType "k.o."]

1. d4 Nf6 2. Nf3 d5 3. Bf4 c5 4. e3 Nc6 5. c3 Bg4 6. Qb3 Qc8 7. dxc5 e6 8. Ne5
Bxc5 9. Nxg4 Nxg4 10. Be2 Nge5 11. Nd2 O-O 12. O-O Rd8 13. Rad1 Bd6 14. Bg3 Qc7
15. Nf3 Nxf3+ 16. Bxf3 Ne5 17. Bxe5 Bxe5 18. g3 Rd6 19. Rd2 Rad8 20. Rfd1 g6 21.
a3 Kg7 22. Kg2 a6 23. Qc2 h5 24. h4 b5 25. a4 b4 26. cxb4 Qb7 27. Qb3 Rb8 28. b5
axb5 29. axb5 Qxb5 30. Qxb5 Rxb5 31. e4 dxe4 32. Bxe4 Rxd2 33. Rxd2 Bxb2 34. f4
Rb4 35. Bf3 Bd4 36. Re2 Rb1 37. Rd2 Be3 38. Re2 Bb6 39. Rc2 Rg1+ 40. Kh2 Re1 41.
Kg2 Ra1 42. Rb2 Bd4 43. Rd2 Bf6 44. Re2 Ra4 45. Re4 Ra3 46. Re2 Bd4 47. Rd2 Be3
48. Rc2 Kf6 49. Rb2 Rc3 50. Ra2 Ke7 51. Rb2 Kd6 52. Ra2 Ke7 53. Rb2 Kf6 54. Ra2
Bb6 55. Rb2 Bc7 56. Re2 e5 57. fxe5+ Bxe5 58. Ra2 Ke7 59. Re2 Rc5 60. Rd2 Ra5
61. Re2 Kf6 62. Rc2 Kg7 63. Re2 Kh6 64. Re3 f6 65. Be2 g5 66. hxg5+ fxg5 67. Rb3
Ra2 68. Kf1 g4 69. Rb6+ Kg5 70. Rb5 Kf6 71. Rb6+ Kg7 72. Rb7+ Kf6 73. Rb6+ Ke7
74. Rh6 Ra1+ 75. Kg2 Ra2 76. Kf1 Bd4 77. Rxh5 Ra1+ 78. Kg2 Ra2 79. Kf1 Ra1+ 80.
Kg2 Ra2 81. Kf1 1/2-1/2

[Event "ChessKid Cup Div 2 W"]
[Site "chess.com INT"]
[Date "2023.05.22"]
[Round "1.3"]
[White "Andreikin, Dmitry"]
[Black "Nguyen, Ngoc Truong Son"]
[Result "1-0"]
[WhiteTitle "GM"]
[BlackTitle "GM"]
[WhiteElo "2729"]
[BlackElo "2645"]
[WhiteFideId "4158814"]
[BlackFideId "12401110"]
[EventDate "2023.05.22"]
[EventType "k.o."]

1. d4 Nf6 2. c4 e6 3. g3 d5 4. Bg2 Bb4+ 5. Nd2 O-O 6. Nf3 b6 7. O-O Bb7 8. Ne5
Nbd7 9. cxd5 exd5 10. Qa4 a5 11. Ndf3 Qe8 12. Nxd7 Qxd7 13. Qxd7 Nxd7 14. Bf4 c6
15. Rfc1 Rae8 16. Bh3 f5 17. Ne5 Nxe5 18. Bxe5 Be7 19. e3 h5 20. Rc3 Rc8 21.
Rac1 g6 22. Rb3 b5 23. Rbc3 Rfe8 24. Bg2 Kf7 25. f4 Ke6 26. Kf2 Kd7 27. Bf1 b4
28. R3c2 a4 29. Bd3 Ra8 30. h3 Ba6 31. Ke2 Rec8 32. g4 hxg4 33. hxg4 fxg4 34.
Rg1 c5 35. dxc5 Rxc5 36. Rxc5 Bxc5 37. Rxg4 Bxd3+ 38. Kxd3 Ra6 39. Rh4 b3 40.
axb3 axb3 41. Rh7+ Ke6 42. Rc7 Be7 43. Rb7 g5 44. fxg5 Bxg5 45. Bd4 Ra1 46. Rxb3
Rd1+ 47. Kc2 Rh1 48. Rb5 Re1 49. Kd2 Rh1 50. b4 Rb1 51. Kc2 Re1 52. Kd2 Rb1 53.
Rb7 Kf5 54. Kc2 Re1 55. Kd3 Rd1+ 56. Ke2 Rb1 57. b5 Ke4 58. Rb8 Rb3 59. Re8+ Kf5
60. Re5+ Kg6 61. Rxd5 Be7 62. Kd2 Kf7 63. Kc2 Rb4 64. Rf5+ Ke8 65. Re5 Rc4+ 66.
Kd3 Rc1 67. Bb2 Rc5 1-0

[Event "ChessKid Cup Div 2 W"]
[Site "chess.com INT"]
[Date "2023.05.22"]
[Round "1.4"]
[White "Nguyen, Ngoc Truong Son"]
[Black "Andreikin, Dmitry"]
[Result "1-0"]
[WhiteTitle "GM"]
[BlackTitle "GM"]
[WhiteElo "2645"]
[BlackElo "2729"]
[WhiteFideId "12401110"]
[BlackFideId "4158814"]
[EventDate "2023.05.22"]
[EventType "k.o."]

1. d4 Nf6 2. c4 e6 3. Nc3 d5 4. cxd5 exd5 5. Bg5 c6 6. Qc2 Na6 7. a3 Nc7 8. e3
Bg4 9. Bd3 Ne6 10. Bh4 Be7 11. h3 Bh5 12. f4 g5 13. fxg5 Nd7 14. g4 Bg6 15. Nf3
Nxg5 16. Bxg5 Bxg5 17. O-O-O Be7 18. e4 dxe4 19. Bxe4 Qc7 20. Rhe1 Nf6 21. Bxg6
hxg6 22. g5 Qf4+ 23. Kb1 Qxf3 24. Rd3 Qxd3 25. Rxe7+ Kxe7 26. gxf6+ Kxf6 27.
Qxd3 Rae8 28. d5 Rh4 29. d6 Rd8 30. Qe3 Rd7 31. Qf2+ Kg5 32. Qg3+ Kh5 33. Qe5+
g5 34. Qe7 1-0

[Event "ChessKid Cup Div 2 W"]
[Site "chess.com INT"]
[Date "2023.05.22"]
[Round "1.5"]
[White "Nguyen, Ngoc Truong Son"]
[Black "Andreikin, Dmitry"]
[Result "1-0"]
[WhiteTitle "GM"]
[BlackTitle "GM"]
[WhiteElo "2645"]
[BlackElo "2729"]
[WhiteFideId "12401110"]
[BlackFideId "4158814"]
[EventDate "2023.05.22"]
[EventType "k.o."]

1. d4 d5 2. c4 dxc4 3. e3 Nf6 4. Bxc4 e6 5. Nf3 c5 6. O-O a6 7. dxc5 Qxd1 8.
Rxd1 Bxc5 9. Nfd2 Nbd7 10. Be2 b5 11. Nb3 Bb6 12. Bd2 Bb7 13. Ba5 Rc8 14. Nc3
Nd5 15. Bf3 O-O 16. Bxd5 Bxd5 17. Nxd5 exd5 18. Bb4 Rfe8 19. Rxd5 Ne5 20. Bc3
Nc4 21. h4 h6 22. a4 Red8 23. Rxd8+ Rxd8 24. Kf1 Rb8 25. axb5 axb5 26. Nd2 Nxd2+
27. Bxd2 Bd8 28. h5 Bf6 29. Ra2 Rd8 30. Ke2 Rd5 31. g4 Bh4 32. e4 Rc5 33. f3 Bg5
34. f4 Bh4 35. b4 Rc4 36. Kd3 Be7 37. Ra8+ Kh7 38. Rb8 Bxb4 39. Rxb5 Bxd2 40.
Kxc4 Bxf4 41. Rf5 Bg3 42. Rxf7 1-0

[Event "ChessKid Cup Div 2 W"]
[Site "chess.com INT"]
[Date "2023.05.22"]
[Round "1.1"]
[White "Bharath, Subramaniyam H"]
[Black "Le, Quang Liem"]
[Result "0-1"]
[WhiteTitle "GM"]
[BlackTitle "GM"]
[WhiteElo "2517"]
[BlackElo "2728"]
[WhiteFideId "46634827"]
[BlackFideId "12401137"]
[EventDate "2023.05.22"]
[EventType "k.o."]

1. c4 e5 2. Nf3 Nc6 3. d4 e4 4. Ng5 f5 5. Nc3 Nf6 6. Bf4 h6 7. Nh3 g5 8. Be5
Nxe5 9. dxe5 Ng4 10. e3 Nxe5 11. Qh5+ Nf7 12. Qg6 Bb4 13. Qxf5 Bxc3+ 14. bxc3
Qe7 15. Be2 Qe5 16. Qxe5+ Nxe5 17. O-O-O b6 18. Ng1 Bb7 19. f4 exf3 20. Nxf3 Ng4
21. Rde1 O-O 22. h4 Nxe3 23. Rhg1 Rae8 24. hxg5 Nxg2 25. Rxg2 Bxf3 26. Rf2 hxg5
27. Rg1 Rxe2 28. Rxg5+ Kh7 29. Rf1 Rxa2 30. Kb1 Be4+ 0-1

[Event "ChessKid Cup Div 2 W"]
[Site "chess.com INT"]
[Date "2023.05.22"]
[Round "1.2"]
[White "Le, Quang Liem"]
[Black "Bharath, Subramaniyam H"]
[Result "1-0"]
[WhiteTitle "GM"]
[BlackTitle "GM"]
[WhiteElo "2728"]
[BlackElo "2517"]
[WhiteFideId "12401137"]
[BlackFideId "46634827"]
[EventDate "2023.05.22"]
[EventType "k.o."]

1. Nf3 d5 2. e3 Nf6 3. c4 c6 4. d4 Bf5 5. Nc3 e6 6. Nh4 Be4 7. f3 Bg6 8. Qb3 Qc7
9. cxd5 cxd5 10. Bd2 Nc6 11. O-O-O a6 12. Nxg6 hxg6 13. Kb1 Rb8 14. Bd3 b5 15.
Ne2 Be7 16. Rc1 O-O 17. h4 Rbc8 18. Be1 Qb6 19. g4 Na5 20. Bxa5 Qxa5 21. g5 Nh5
22. Rc2 Rc4 23. a3 Rc7 24. Rxc7 Qxc7 25. f4 Qb6 26. Rc1 Rb8 27. Qc2 b4 28. a4 b3
29. Qc6 Qb4 30. Rc3 Rb6 31. Qe8+ Bf8 32. Rc7 Qe1+ 33. Nc1 Qxe3 34. Qxf7+ Kh8 35.
Qxf8+ Kh7 36. Bxg6+ 1-0

[Event "ChessKid Cup Div 2 W"]
[Site "chess.com INT"]
[Date "2023.05.22"]
[Round "1.3"]
[White "Bharath, Subramaniyam H"]
[Black "Le, Quang Liem"]
[Result "0-1"]
[WhiteTitle "GM"]
[BlackTitle "GM"]
[WhiteElo "2517"]
[BlackElo "2728"]
[WhiteFideId "46634827"]
[BlackFideId "12401137"]
[EventDate "2023.05.22"]
[EventType "k.o."]

1. c4 c5 2. Nf3 Nf6 3. e3 e6 4. Nc3 d5 5. d4 a6 6. a3 dxc4 7. Bxc4 b5 8. Bd3
Nbd7 9. O-O Bb7 10. Bc2 Rc8 11. Qe2 Bd6 12. Rd1 Qc7 13. dxc5 Bxc5 14. Bd2 O-O
15. Rac1 Qb8 16. h3 Rfd8 17. e4 h6 18. Be3 Bxa3 19. bxa3 Rxc3 20. Qd2 Rdc8 21.
Bd4 Nxe4 22. Qe2 Ndf6 23. Ne1 R3c4 24. Qe3 Qc7 25. Bxe4 Nxe4 26. Rxc4 bxc4 27.
f3 Ng3 28. Be5 Nf5 29. Qc3 Qc5+ 30. Kh1 f6 31. Bh2 Bd5 32. Nc2 h5 33. Bf4 e5 34.
Bh2 Be6 35. Bg1 Qc7 36. Bf2 Rd8 37. Re1 Rd3 38. Qb4 a5 39. Qb5 Bd7 40. Qb1 Rd2
41. Kg1 c3 42. Qb3+ Kh7 43. Rc1 Qc6 44. Qf7 Be8 45. Qa7 Bg6 46. Be1 Qa4 47. Ne3
Qxa3 48. Nxf5 Bxf5 49. Bxd2 cxd2 50. Rf1 Qd3 51. Rd1 Qe2 0-1

[Event "ChessKid Cup Div 2 W"]
[Site "chess.com INT"]
[Date "2023.05.22"]
[Round "1.1"]
[White "Eljanov, Pavel"]
[Black "Rasulov, Vugar"]
[Result "1-0"]
[WhiteTitle "GM"]
[BlackTitle "GM"]
[WhiteElo "2705"]
[BlackElo "2523"]
[WhiteFideId "14102951"]
[BlackFideId "13402390"]
[EventDate "2023.05.22"]
[EventType "k.o."]

1. d4 Nf6 2. c4 e6 3. Nc3 Bb4 4. e3 O-O 5. Bd3 d5 6. a3 Bxc3+ 7. bxc3 dxc4 8.
Bxc4 c5 9. Nf3 Qc7 10. Be2 b6 11. O-O Ba6 12. Bxa6 Nxa6 13. Qe2 Qb7 14. Bb2 Rac8
15. Rfe1 Ne4 16. Ne5 b5 17. f3 Nd6 18. e4 Nb8 19. Rad1 cxd4 20. cxd4 Nc4 21.
Nxc4 bxc4 22. Bc3 Nd7 23. d5 e5 24. Rb1 Qa6 25. Bb4 Rfe8 26. Rec1 Rb8 27. Rb2
Rec8 28. Rbc2 Rc7 29. g3 Rbc8 30. Kg2 h5 31. d6 Rc6 32. f4 exf4 33. gxf4 Qb5 34.
e5 a5 35. Be1 Nc5 36. Qxc4 Qb7 37. Kg1 Ne6 38. Qe4 Rxc2 39. Qxb7 Rxc1 40. f5 Nd4
41. Kf1 Nxf5 42. d7 Rf8 43. Ke2 Rc5 44. Bf2 Rxe5+ 45. Kf3 Ne7 46. Qc7 Rd5 47.
Bc5 Rd3+ 48. Ke2 Nd5 49. Qd6 Rd8 50. Kxd3 Nf6 51. Qc6 Nxd7 52. Kc3 Nf6 53. Bd4
Nd5+ 54. Kc4 Ne7 55. Qb7 Nf5 56. Bc5 h4 57. Qc7 Re8 58. Qd7 Re6 59. Qd8+ Kh7 60.
Qxa5 Re4+ 61. Kd3 Re5 62. Qb4 f6 63. a4 g5 64. a5 g4 65. a6 g3 66. hxg3 h3 67.
a7 Rd5+ 68. Kc4 h2 69. Qb1 1-0

[Event "ChessKid Cup Div 2 W"]
[Site "chess.com INT"]
[Date "2023.05.22"]
[Round "1.2"]
[White "Rasulov, Vugar"]
[Black "Eljanov, Pavel"]
[Result "1/2-1/2"]
[WhiteTitle "GM"]
[BlackTitle "GM"]
[WhiteElo "2523"]
[BlackElo "2705"]
[WhiteFideId "13402390"]
[BlackFideId "14102951"]
[EventDate "2023.05.22"]
[EventType "k.o."]

1. d4 Nf6 2. c4 e6 3. Nc3 d5 4. Bg5 Be7 5. e3 h6 6. Bh4 O-O 7. Nf3 Nbd7 8. Rc1
c5 9. dxc5 g5 10. Bg3 Nxc5 11. cxd5 Nxd5 12. Nxd5 Qxd5 13. Qxd5 exd5 14. Nd4 Bd7
15. Be2 Rfc8 16. O-O Ne4 17. Be5 f6 18. Bg3 Kf7 19. Rfd1 Rxc1 20. Rxc1 Rc8 21.
Rxc8 Bxc8 22. Bb8 a6 23. Bh5+ Kf8 24. h3 Bc5 25. Bd1 Ke7 26. Bb3 Bxd4 27. exd4
Be6 28. Bc2 Nd6 29. Ba7 Bf5 30. Bd1 Nc4 31. b3 Nb2 32. Bc5+ Ke6 33. Be2 Nd3 34.
Ba3 Nf4 35. Bd1 Bb1 36. g3 Nd3 37. Kf1 b5 38. Bf8 Bxa2 39. h4 Nc1 40. b4 Bc4+
41. Kg2 Be2 42. Bc2 Bd3 43. Bd1 Be2 44. Bc2 Bd3 45. Bd1 Be2 1/2-1/2

[Event "ChessKid Cup Div 2 W"]
[Site "chess.com INT"]
[Date "2023.05.22"]
[Round "1.3"]
[White "Eljanov, Pavel"]
[Black "Rasulov, Vugar"]
[Result "1/2-1/2"]
[WhiteTitle "GM"]
[BlackTitle "GM"]
[WhiteElo "2705"]
[BlackElo "2523"]
[WhiteFideId "14102951"]
[BlackFideId "13402390"]
[EventDate "2023.05.22"]
[EventType "k.o."]

1. d4 Nf6 2. c4 e6 3. Nc3 Bb4 4. e3 O-O 5. Bd3 d5 6. a3 Bxc3+ 7. bxc3 dxc4 8.
Bxc4 c5 9. Nf3 Qc7 10. Be2 b6 11. O-O Bb7 12. Bb2 Nc6 13. c4 Rfd8 14. Rc1 Rac8
15. Re1 cxd4 16. exd4 Qf4 17. h3 Na5 18. d5 exd5 19. Be5 Qh6 20. Nd4 dxc4 21.
Bf3 Re8 22. Bxb7 Nxb7 23. Qf3 Rxe5 24. Qxb7 Rce8 25. Red1 Qf4 26. Qxa7 Rd5 27.
Nf3 b5 28. Qb7 h6 29. Re1 Rb8 30. Qa7 Rc8 31. Qa6 Rcd8 32. a4 Ne4 33. axb5 Nd2
34. Nxd2 Rxd2 35. Qa7 Rb2 36. Qe3 Qh4 37. b6 Kh7 38. Qe4+ Qxe4 39. Rxe4 Rdd2 40.
Rf4 f6 41. Rcxc4 Rxb6 42. Rc7 h5 43. g4 h4 44. Kg2 Kg6 45. Re4 Rbb2 46. Rf4 Rb3
47. Rf3 Rbb2 48. Rf4 Rd1 49. Re4 Rbb1 50. Ree7 Rg1+ 51. Kf3 Rb3+ 52. Ke2 Rb2+
53. Kf3 Rb3+ 54. Ke2 Rb2+ 55. Kf3 Rb3+ 1/2-1/2

[Event "ChessKid Cup Div 2 W"]
[Site "chess.com INT"]
[Date "2023.05.22"]
[Round "1.4"]
[White "Rasulov, Vugar"]
[Black "Eljanov, Pavel"]
[Result "1/2-1/2"]
[WhiteTitle "GM"]
[BlackTitle "GM"]
[WhiteElo "2523"]
[BlackElo "2705"]
[WhiteFideId "13402390"]
[BlackFideId "14102951"]
[EventDate "2023.05.22"]
[EventType "k.o."]

1. d4 Nf6 2. c4 e6 3. Nc3 d5 4. cxd5 exd5 5. Bg5 Be7 6. e3 h6 7. Bh4 Bg4 8. Nf3
O-O 9. Bd3 Nbd7 10. h3 Be6 11. O-O c5 12. Rc1 Rc8 13. dxc5 Nxc5 14. Nd4 Qb6 15.
b3 Rfd8 16. Bb1 g5 17. Bg3 Nfe4 18. Qh5 Bf8 19. Nxe4 Nxe4 20. Bxe4 dxe4 21. h4
g4 22. Qe5 Rxc1 23. Rxc1 Bg7 24. Qxe4 Bxd4 25. Bc7 Rc8 26. Qxd4 Qxd4 27. exd4 h5
28. Kh2 b6 29. Kg3 f6 30. Kf4 Bd5 31. f3 gxf3 32. gxf3 Kf7 33. Kg3 Ke6 34. Kf2
Kf5 35. Rc3 Ke6 36. Rc1 Kd7 37. Bf4 Rxc1 38. Bxc1 a5 39. Ke3 a4 40. bxa4 Bxa2
41. Kf4 Ke6 42. Bd2 Bb3 43. Bb4 Bxa4 44. d5+ Kxd5 45. Kf5 Bd1 46. f4 Bg4+ 47.
Kxf6 Ke4 48. Kg5 b5 49. Bd6 Be6 50. Ba3 Bf7 51. f5 Be8 52. Bb4 Bd7 53. f6 Be8
54. Bc3 Kd5 55. Kh6 Ke6 56. Kg7 Bf7 57. Kh7 Be8 58. Kg8 Bf7+ 59. Kg7 Be8 60. Bb2
b4 61. Ba1 b3 62. Bb2 Bf7 63. Kf8 Bg6 64. Kg7 Bf7 65. Bc3 Be8 66. Bb2 Bf7 1/2-1/2

[Event "ChessKid Cup Div 2 W"]
[Site "chess.com INT"]
[Date "2023.05.22"]
[Round "1.1"]
[White "Le, Tuan Minh"]
[Black "Oparin, Grigoriy"]
[Result "1/2-1/2"]
[WhiteTitle "GM"]
[BlackTitle "GM"]
[WhiteElo "2542"]
[BlackElo "2667"]
[WhiteFideId "12401153"]
[BlackFideId "24125890"]
[EventDate "2023.05.22"]
[EventType "k.o."]

1. d4 Nf6 2. Nf3 d5 3. c4 e6 4. Nc3 c5 5. cxd5 cxd4 6. Qxd4 exd5 7. e4 dxe4 8.
Bb5+ Bd7 9. Ne5 Nc6 10. Bxc6 Bxc6 11. Nxc6 bxc6 12. Qc4 Qd6 13. O-O Qe6 14.
Qxe6+ fxe6 15. Bg5 Rb8 16. b3 Bb4 17. Rac1 Bxc3 18. Rxc3 Kd7 19. Rd1+ Nd5 20.
Rc4 h6 21. Bf4 Rb5 22. Rxe4 Rf8 23. Be5 Rf7 24. h4 h5 25. g3 Rc5 26. Rd2 g6 27.
Kg2 Rf5 28. Bd4 Ra5 29. Rde2 c5 30. Be5 Ra6 31. Rc4 Rc6 32. Bb2 Nb6 33. Rce4 c4
34. bxc4 Nxc4 35. Bg7 a5 36. Bh6 a4 37. Bg5 Rd5 38. Rf4 Rf5 39. Rfe4 Rd5 40. Rf4
Rf5 41. Rfe4 1/2-1/2

[Event "ChessKid Cup Div 2 W"]
[Site "chess.com INT"]
[Date "2023.05.22"]
[Round "1.2"]
[White "Oparin, Grigoriy"]
[Black "Le, Tuan Minh"]
[Result "1-0"]
[WhiteTitle "GM"]
[BlackTitle "GM"]
[WhiteElo "2667"]
[BlackElo "2542"]
[WhiteFideId "24125890"]
[BlackFideId "12401153"]
[EventDate "2023.05.22"]
[EventType "k.o."]

1. c4 e6 2. Nf3 d5 3. g3 d4 4. Bg2 c5 5. e3 Nc6 6. exd4 cxd4 7. O-O Nf6 8. d3 h6
9. Na3 Bc5 10. Re1 O-O 11. Nc2 a5 12. Bf4 Nd7 13. Rb1 Re8 14. b3 e5 15. Bd2 Nf6
16. a3 e4 17. dxe4 d3 18. Ne3 Bxa3 19. e5 Ne4 20. Nd5 Nxd2 21. Qxd2 Bf5 22. Nh4
Bh7 23. f4 Bc5+ 24. Kh1 Nb4 25. f5 Qg5 26. Qd1 Rad8 27. Qf3 d2 28. Re2 Nc2 29.
Qf4 Bb4 30. Rf2 Ne1 31. Be4 Qh5 32. Rxd2 Bxd2 33. Qxd2 Qg5 34. Qf4 Qxf4 35. gxf4
g5 36. fxg6 Bxg6 37. Nxg6 fxg6 38. Nf6+ 1-0

[Event "ChessKid Cup Div 2 W"]
[Site "chess.com INT"]
[Date "2023.05.22"]
[Round "1.3"]
[White "Le, Tuan Minh"]
[Black "Oparin, Grigoriy"]
[Result "0-1"]
[WhiteTitle "GM"]
[BlackTitle "GM"]
[WhiteElo "2542"]
[BlackElo "2667"]
[WhiteFideId "12401153"]
[BlackFideId "24125890"]
[EventDate "2023.05.22"]
[EventType "k.o."]

1. d4 Nf6 2. c4 e6 3. Nf3 d5 4. Nc3 c5 5. e3 Nc6 6. a3 dxc4 7. Bxc4 a6 8. O-O b5
9. Bd3 Bb7 10. dxc5 Bxc5 11. b4 Bd6 12. Ne4 Nxe4 13. Bxe4 f5 14. Bc2 Ne5 15. Nd4
Qf6 16. Bb3 Rd8 17. f4 Nc4 18. Bxc4 bxc4 19. Qa4+ Kf7 20. Bb2 Qe7 21. Rac1 Rc8
22. Nf3 Rhd8 23. Rf2 h6 24. Nd4 Bd5 25. Qd1 Bb8 26. Bc3 Kg8 27. Qh5 Kh7 28. Rd1
Be4 29. Rfd2 Rd5 30. h3 Rg8 31. Nc6 Qb7 32. Rxd5 exd5 33. Nd4 g6 34. Qe2 g5 35.
Qh5 gxf4 36. Nxf5 Rxg2+ 37. Kf1 Rg6 38. Nxh6 Rxh6 39. Qe8 d4 40. Bxd4 Bg2+ 41.
Ke1 Bxh3 42. Qh8+ Kg6 43. Qg8+ Kh5 44. Kd2 Qg2+ 45. Qxg2 Bxg2 46. exf4 Bxf4+ 47.
Kc3 Rc6 48. Bc5 Bf3 49. Rf1 Be5+ 50. Kxc4 Kg4 51. Re1 Kf5 52. a4 Rc8 53. Rf1 Kg4
54. Rg1+ Kf4 55. Re1 Rd8 56. Be3+ Kf5 57. Kc5 Bd6+ 58. Kc4 Bd5+ 59. Kc3 Be5+ 60.
Kc2 Rc8+ 61. Bc5 Bd4 62. Kd3 Bxc5 63. bxc5 Bc6 64. a5 Rh8 65. Re7 Rh3+ 66. Kd4
Rh4+ 67. Kc3 Ra4 68. Rc7 Bb5 69. Kb3 Rxa5 70. c6 Ra4 71. Rf7+ Ke6 72. c7 Rc4 73.
Rh7 Kd6 74. Rg7 a5 75. Rg5 a4+ 76. Ka3 Bd7 77. Rg3 Kxc7 78. Rf3 Kb6 79. Rf6+ Bc6
80. Rf2 Rc3+ 81. Kb2 Rh3 82. Rf5 Bb5 83. Rf4 Kc5 84. Kc2 Bc4 85. Rf8 a3 86. Ra8
Kb4 87. Rb8+ Bb5 88. Kb1 Rh2 89. Ka1 Ka4 90. Rb7 Rh1+ 0-1

[Event "ChessKid Cup Div 2 W"]
[Site "chess.com INT"]
[Date "2023.05.22"]
[Round "1.1"]
[White "Anton Guijarro, David"]
[Black "Kravtsiv, Martyn"]
[Result "1/2-1/2"]
[WhiteTitle "GM"]
[BlackTitle "GM"]
[WhiteElo "2690"]
[BlackElo "2598"]
[WhiteFideId "2285525"]
[BlackFideId "14113147"]
[EventDate "2023.05.22"]
[EventType "k.o."]

1. c4 e6 2. Nc3 d5 3. d4 Nf6 4. Bg5 Be7 5. e3 h6 6. Bh4 O-O 7. Nf3 dxc4 8. Bxc4
c5 9. dxc5 Qxd1+ 10. Rxd1 Bxc5 11. O-O a6 12. Be2 Nc6 13. Rc1 Rd8 14. Na4 Ba7
15. Bg3 Bd7 16. Bc7 Rdc8 17. Bb6 Nb4 18. Bxa7 Bxa4 19. Bd4 Nxa2 20. Ra1 Bb5 21.
Bxb5 axb5 22. Bxf6 gxf6 23. Nd4 Nb4 24. Rxa8 Rxa8 25. Nxb5 1/2-1/2

[Event "ChessKid Cup Div 2 W"]
[Site "chess.com INT"]
[Date "2023.05.22"]
[Round "1.2"]
[White "Kravtsiv, Martyn"]
[Black "Anton Guijarro, David"]
[Result "1/2-1/2"]
[WhiteTitle "GM"]
[BlackTitle "GM"]
[WhiteElo "2598"]
[BlackElo "2690"]
[WhiteFideId "14113147"]
[BlackFideId "2285525"]
[EventDate "2023.05.22"]
[EventType "k.o."]

1. d4 d5 2. c4 e6 3. Nc3 Nf6 4. cxd5 exd5 5. Bg5 c6 6. e3 h6 7. Bh4 Bf5 8. Bd3
Bxd3 9. Qxd3 Be7 10. Nge2 O-O 11. Bxf6 Bxf6 12. O-O Be7 13. Ng3 Re8 14. f3 Nd7
15. Rad1 Qb6 16. Kh1 Qxb2 17. Rb1 Qa3 18. Rxb7 Nb6 19. Rb1 Bb4 20. Rb3 Qc1+ 21.
Qf1 Qc2 22. Qe2 Qc1+ 23. Qf1 Qc2 24. Qe2 Qxe2 25. Ncxe2 Bf8 26. Rc7 Rec8 27.
Rxc8 Rxc8 28. Kg1 c5 29. dxc5 Rxc5 30. Nd4 Ra5 31. Rb2 Nc4 32. Re2 Ra3 33. Nf1
Bc5 34. Nb3 Bb6 35. Kf2 a5 36. Nbd2 Rxa2 37. Nxc4 Rxe2+ 38. Kxe2 dxc4 39. Nd2 c3
40. Nc4 Bc5 41. Nxa5 c2 42. Nb3 Bb6 43. Kd3 f5 44. e4 fxe4+ 45. fxe4 Kf7 46.
Kxc2 Bg1 47. h3 Kf6 48. Nd2 Ba7 49. Nf3 Ke6 50. Kd3 g6 51. Nh4 Kf6 52. Nf3 Ke6
53. Kc4 Bb6 54. Kc3 Be3 55. Kc2 Ba7 56. Kd2 Bb6 57. Ke2 Ba7 58. Nh4 Ke5 59. Kf3
Kf6 60. g3 Bb8 61. Ng2 h5 62. Ne3 Ke5 63. Nd5 Bd6 64. Nf4 Kf6 65. Nd3 Bb8 66.
Nb4 Bd6 67. Nd5+ Ke5 68. g4 hxg4+ 69. hxg4 Bb8 70. Nb6 Bc7 71. Nd7+ Ke6 72. Nc5+
Ke5 73. g5 Kd6 74. Nd3 Ke6 75. Kg4 Bb8 76. Nf4+ Kf7 77. Ng2 Ke6 78. Nh4 Kf7 79.
Kf3 Bc7 80. Ke2 Bd8 81. Nf3 Ke6 82. Ke3 Bb6+ 83. Kf4 Bc7+ 84. Ke3 Bb6+ 85. Kd3
Bd8 86. Nd4+ Kd6 87. Nf3 Ke6 88. Kd4 Bb6+ 89. Kc4 Be3 90. Kb5 Kd6 91. Kb4 Bc1
92. Kc4 Be3 93. Kb5 Bc1 94. Kb6 Bf4 95. Kb7 Kd7 96. Kb6 Kd6 97. Kb5 Be3 98. Kc4
Ke6 99. Kb3 Kd6 100. Kc3 Bf4 101. Kd4 Ke6 102. e5 Bc1 103. Ke4 Ke7 104. Kd5 Bf4
105. e6 Bc1 106. Ke5 Bb2+ 107. Kd5 Bc1 108. Ne5 Bxg5 109. Nxg6+ Ke8 110. Ne5 Bc1
111. Nc4 Bg5 112. Ke5 Be7 113. Nb6 Ba3 114. Nd5 Bb2+ 115. Kf5 Ba3 116. Nc7+ Ke7
117. Nd5+ Ke8 118. Kf6 Bb2+ 119. Kg6 Ba3 120. Nf6+ Ke7 121. Kf5 Bc1 122. Ne4 Ba3
123. Nf6 Bc1 124. Ne4 Ba3 125. Nf6 1/2-1/2

[Event "ChessKid Cup Div 2 W"]
[Site "chess.com INT"]
[Date "2023.05.22"]
[Round "1.3"]
[White "Anton Guijarro, David"]
[Black "Kravtsiv, Martyn"]
[Result "1/2-1/2"]
[WhiteTitle "GM"]
[BlackTitle "GM"]
[WhiteElo "2690"]
[BlackElo "2598"]
[WhiteFideId "2285525"]
[BlackFideId "14113147"]
[EventDate "2023.05.22"]
[EventType "k.o."]

1. e4 e5 2. Nf3 Nc6 3. Bb5 a6 4. Ba4 Nf6 5. O-O Be7 6. Re1 b5 7. Bb3 d6 8. c3
O-O 9. h3 Bb7 10. d4 Re8 11. a3 Bf8 12. Ba2 h6 13. d5 Nb8 14. b3 c6 15. c4 Nbd7
16. Nc3 Rc8 17. Bd2 g6 18. Qe2 bxc4 19. bxc4 Nc5 20. Rab1 Rb8 21. Rb2 Ba8 22.
Reb1 Qc7 23. Bb3 Nxb3 24. Rxb3 Rxb3 25. Rxb3 Rb8 26. Qd1 Nd7 27. Be3 cxd5 28.
cxd5 Rxb3 29. Qxb3 Bb7 30. Nd2 Bc8 31. Qc4 Qxc4 32. Nxc4 f5 33. f3 Kf7 34. Na5
Nf6 35. Kf2 Ke8 36. Nc6 Bd7 37. Ke2 fxe4 38. fxe4 g5 39. a4 Be7 40. Kd3 g4 41.
hxg4 Nxg4 42. Bb6 Bf8 43. Na2 Nf6 44. Nab4 Nh5 45. Be3 a5 46. Na2 Nf4+ 47. Bxf4
exf4 48. Nc3 h5 49. Nxa5 h4 50. Nc6 f3 51. gxf3 h3 52. Ne2 Bh6 53. Ng3 Bf4 54.
Nh1 Bc8 55. Nb4 h2 56. a5 Kd7 57. Ke2 Kc7 58. Kf2 Bd7 59. Kg2 Bd2 60. Nc6 Bf4
61. a6 Bxc6 62. dxc6 Kxc6 63. Nf2 Kb6 64. Ng4 Kxa6 65. Nxh2 d5 66. exd5 Kb5 67.
Ng4 Kc5 68. Nf6 Be5 69. Nd7+ Kxd5 70. Nxe5 Kxe5 71. Kg3 Kf5 72. f4 Kf6 73. f5
Kxf5 1/2-1/2